000 00466nam a2200169Ia 4500
008 221030s9999 xx 000 0 und d
020 _a0074639544
041 _aEnglish
082 _a105.23
_bVen
100 _aB. Venkataramani
245 0 _aMicroprocessors & Peripherals - through OBjective Questions
_cby B. Venkataramani, P. Somaskandan
260 _bTMH
_aNew Delhi
_c1999
300 _a234
650 _aBE Computer
700 _aP. Somaskandan
942 _cBK
999 _c6488
_d6488